| 000 | 00689nam a2200205Ia 4500 | ||
|---|---|---|---|
| 008 | 160303s9999 xx 000 0 und d | ||
| 020 | _a971-10-1167-3 | ||
| 050 | _aFIL HM 1206 | ||
| 050 | _b.P45 2007 c.2 | ||
| 245 | _aPhilippine communication today / | ||
| 245 | _cedited by Crispin C. Maslog. | ||
| 260 | _aQuezon City: | ||
| 260 | _bNew Day Pub., | ||
| 260 | _c2007 | ||
| 300 | _a484 pages : | ||
| 300 | _billustrations ; | ||
| 300 | _c23 cm. | ||
| 500 | _aIncludes bibliographical references. | ||
| 650 | _a1. Communication -- Social aspects -- Philippines. 2. Communication -- Study and teaching -- Philippines. 3. Mass media -- Philippines. 4. Journalism -- Authorship. | ||
| 999 |
_c291256 _d291256 |
||